[Event "8th Arber Open"]
[Site "chess24.com"]
[Date "2019.08.01"]
[Round "6"]
[White "Van Hoorebeke, Jimmy"]
[Black "Brandsma, Romayn"]
[Result "0-1"]
[Board "27"]
[WhiteElo "1700"]
[WhiteTeam "BELGIEN"]
[WhiteCountry "BEL"]
[WhiteFideId "222224"]
[WhiteEloChange "-4"]
[BlackElo "1957"]
[BlackTeam "HOLLAND"]
[BlackCountry "NED"]
[BlackFideId "1054139"]
[BlackEloChange "4"]

1. e4 {[%clk 1:30:30]} e5 {[%clk 1:30:30]} 2. Bc4 {[%clk 1:30:30]} Nf6 {[%clk
1:30:30]} 3. d3 {[%clk 1:30:30]} Bc5 {[%clk 1:30:30]} 4. Nf3 {[%clk 1:30:30]} Nc6
{[%clk 1:30:30]} 5. c3 {[%clk 1:30:30]} d6 {[%clk 1:30:30]} 6. Nbd2 {[%clk
1:30:30]} a6 {[%clk 1:30:30]} 7. O-O {[%clk 1:30:30]} O-O {[%clk 1:30:30]} 8. h3
{[%clk 1:30:30]} Ba7 {[%clk 1:30:30]} 9. Bb3 {[%clk 1:30:30]} Ne7 {[%clk
1:30:30]} 10. Re1 {[%clk 1:30:30]} Ng6 {[%clk 1:30:30]} 11. Nf1 {[%clk 1:30:30]}
Be6 {[%clk 1:30:30]} 12. d4 {[%clk 1:30:30]} exd4 {[%clk 1:30:30]} 13. cxd4
{[%clk 1:30:30]} d5 {[%clk 1:30:30]} 14. e5 {[%clk 1:30:30]} Ne4 {[%clk 1:30:30]}
15. Bc2 {[%clk 1:30:30]} c5 {[%clk 1:30:30]} 16. Bxe4 {[%clk 1:30:30]} dxe4
{[%clk 1:30:30]} 17. Rxe4 {[%clk 1:30:30]} cxd4 {[%clk 1:30:30]} 18. Bd2 {[%clk
1:30:30]} Bd5 {[%clk 1:30:30]} 19. Re1 {[%clk 1:30:30]} Re8 {[%clk 1:30:30]} 20.
N1h2 {[%clk 1:30:30]} Qc7 {[%clk 1:30:30]} 21. Bb4 {[%clk 1:30:30]} Rxe5 {[%clk
1:30:30]} 22. Nxd4 {[%clk 1:30:30]} Rd8 {[%clk 1:30:30]} 23. Bc3 {[%clk 1:30:30]}
Bb8 {[%clk 1:30:30]} 24. Nf1 {[%clk 1:30:30]} Bc4 {[%clk 1:30:30]} 25. Ng3 {[%clk
1:30:30]} Ree8 {[%clk 1:30:30]} 26. Rxe8+ {[%clk 1:30:30]} Rxe8 {[%clk 1:30:30]}
27. Qg4 {[%clk 1:30:30]} h5 {[%clk 1:30:30]} 28. Qf5 {[%clk 1:30:30]} Qf4 {[%clk
1:30:30]} 29. Qxf4 {[%clk 1:30:30]} Nxf4 {[%clk 1:30:30]} 30. b3 {[%clk 1:30:30]}
Ne2+ {[%clk 1:30:30]} 31. Kh2 {[%clk 1:30:30]} Nxg3 {[%clk 1:30:30]} 32. bxc4
{[%clk 1:30:30]} 0-1

[Event "8th Arber Open"]
[Site "chess24.com"]
[Date "2019.08.01"]
[Round "6"]
[White "Lorencova, Vera"]
[Black "Hoffmann, Tim"]
[Result "0-1"]
[Board "28"]
[WhiteElo "1892"]
[WhiteTeam "SC Waldsassen"]
[WhiteCountry "CZE"]
[WhiteFideId "321397"]
[WhiteEloChange "-4"]
[BlackElo "2147"]
[BlackTeam "ESV Gera"]
[BlackCountry "GER"]
[BlackFideId "12900338"]
[BlackEloChange "4"]

1. e4 {[%clk 1:30:30]} c5 {[%clk 1:30:30]} 2. g3 {[%clk 1:30:30]} g6 {[%clk
1:30:30]} 3. Nc3 {[%clk 1:30:30]} Nc6 {[%clk 1:30:30]} 4. Bg2 {[%clk 1:30:30]}
Bg7 {[%clk 1:30:30]} 5. d3 {[%clk 1:30:30]} d6 {[%clk 1:30:30]} 6. Be3 {[%clk
1:30:30]} Rb8 {[%clk 1:30:30]} 7. Qd2 {[%clk 1:30:30]} b5 {[%clk 1:30:30]} 8.
Nge2 {[%clk 1:30:30]} b4 {[%clk 1:30:30]} 9. Nd1 {[%clk 1:30:30]} Qb6 {[%clk
1:30:30]} 10. O-O {[%clk 1:30:30]} Nd4 {[%clk 1:30:30]} 11. f4 {[%clk 1:30:30]}
Nh6 {[%clk 1:30:30]} 12. h3 {[%clk 1:30:30]} f5 {[%clk 1:30:30]} 13. Kh2 {[%clk
1:30:30]} O-O {[%clk 1:30:30]} 14. Ng1 {[%clk 1:30:30]} Ba6 {[%clk 1:30:30]} 15.
Nf2 {[%clk 1:30:30]} fxe4 {[%clk 1:30:30]} 16. Nxe4 {[%clk 1:30:30]} Nhf5 {[%clk
1:30:30]} 17. Bf2 {[%clk 1:30:30]} e5 {[%clk 1:30:30]} 18. g4 {[%clk 1:30:30]}
Bh6 {[%clk 1:30:30]} 19. g5 {[%clk 1:30:30]} Bg7 {[%clk 1:30:30]} 20. c3 {[%clk
1:30:30]} Ne6 {[%clk 1:30:30]} 21. fxe5 {[%clk 1:30:30]} Bxe5+ {[%clk 1:30:30]}
22. Kh1 {[%clk 1:30:30]} bxc3 {[%clk 1:30:30]} 23. bxc3 {[%clk 1:30:30]} Qb2
{[%clk 1:30:30]} 24. Rad1 {[%clk 1:30:30]} Nf4 {[%clk 1:30:30]} 25. Nf6+ {[%clk
1:30:30]} Bxf6 {[%clk 1:30:30]} 26. Qxf4 {[%clk 1:30:30]} Bxc3 {[%clk 1:30:30]}
27. Qa4 {[%clk 1:30:30]} Bb7 {[%clk 1:30:30]} 28. Qc4+ {[%clk 1:30:30]} Kh8
{[%clk 1:30:30]} 29. Be4 {[%clk 1:30:30]} Ne3 {[%clk 1:30:30]} 30. Rb1 {[%clk
1:30:30]} Nxc4 {[%clk 1:30:30]} 31. Rxb2 {[%clk 1:30:30]} Bxe4+ {[%clk 1:30:30]}
0-1

[Event "8th Arber Open"]
[Site "chess24.com"]
[Date "2019.08.01"]
[Round "6"]
[White "Schwenkreis, Thomas"]
[Black "Schmitz, Tim"]
[Result "1-0"]
[Board "29"]
[WhiteElo "2048"]
[WhiteTeam "SV Oberursel"]
[WhiteCountry "GER"]
[WhiteFideId "24610461"]
[WhiteEloChange "5"]
[BlackElo "1870"]
[BlackTeam "SC Sendling"]
[BlackCountry "GER"]
[BlackFideId "1270221"]
[BlackEloChange "-5"]

1. e4 {[%clk 1:30:30]} c5 {[%clk 1:30:30]} 2. f4 {[%clk 1:30:30]} d5 {[%clk
1:30:30]} 3. Nc3 {[%clk 1:30:30]} d4 {[%clk 1:30:30]} 4. Nce2 {[%clk 1:30:30]}
Nc6 {[%clk 1:30:30]} 5. d3 {[%clk 1:30:30]} Nf6 {[%clk 1:30:30]} 6. h3 {[%clk
1:30:30]} Qc7 {[%clk 1:30:30]} 7. Nf3 {[%clk 1:30:30]} e5 {[%clk 1:30:30]} 8. g3
{[%clk 1:30:30]} Bd6 {[%clk 1:30:30]} 9. Bg2 {[%clk 1:30:30]} Bd7 {[%clk
1:30:30]} 10. O-O {[%clk 1:30:30]} O-O-O {[%clk 1:30:30]} 11. c3 {[%clk 1:30:30]}
dxc3 {[%clk 1:30:30]} 12. Nxc3 {[%clk 1:30:30]} a6 {[%clk 1:30:30]} 13. f5 {[%clk
1:30:30]} c4 {[%clk 1:30:30]} 14. Bg5 {[%clk 1:30:30]} Bc5+ {[%clk 1:30:30]} 15.
Kh2 {[%clk 1:30:30]} Nb4 {[%clk 1:30:30]} 16. Bxf6 {[%clk 1:30:30]} gxf6 {[%clk
1:30:30]} 17. dxc4 {[%clk 1:30:30]} Bxf5 {[%clk 1:30:30]} 18. Qe2 {[%clk
1:30:30]} Be6 {[%clk 1:30:30]} 19. Nd5 {[%clk 1:30:30]} Nxd5 {[%clk 1:30:30]} 20.
cxd5 {[%clk 1:30:30]} Bd7 {[%clk 1:30:30]} 21. Rfc1 {[%clk 1:30:30]} Bb5 {[%clk
1:30:30]} 22. Qe1 {[%clk 1:30:30]} f5 {[%clk 1:30:30]} 23. b4 {[%clk 1:30:30]} b6
{[%clk 1:30:30]} 24. bxc5 {[%clk 1:30:30]} bxc5 {[%clk 1:30:30]} 25. Qg1 {[%clk
1:30:30]} c4 {[%clk 1:30:30]} 26. Nd2 {[%clk 1:30:30]} f4 {[%clk 1:30:30]} 27.
Nxc4 {[%clk 1:30:30]} fxg3+ {[%clk 1:30:30]} 28. Kh1 {[%clk 1:30:30]} 1-0

[Event "8th Arber Open"]
[Site "chess24.com"]
[Date "2019.08.01"]
[Round "6"]
[White "Huhs, Sven"]
[Black "Simacek, Vaclav"]
[Result "1-0"]
[Board "30"]
[WhiteElo "2027"]
[WhiteTeam "FG Wohlde"]
[WhiteCountry "GER"]
[WhiteFideId "24669130"]
[WhiteEloChange "4"]
[BlackElo "1809"]
[BlackTeam "SC Bayerwald"]
[BlackCountry "CZE"]
[BlackFideId "338338"]
[BlackEloChange "-4"]

1. d4 {[%clk 1:30:30]} Nf6 {[%clk 1:30:30]} 2. c4 {[%clk 1:30:30]} c5 {[%clk
1:30:30]} 3. d5 {[%clk 1:30:30]} b5 {[%clk 1:30:30]} 4. cxb5 {[%clk 1:30:30]} a6
{[%clk 1:30:30]} 5. bxa6 {[%clk 1:30:30]} e6 {[%clk 1:30:30]} 6. Nc3 {[%clk
1:30:30]} Bxa6 {[%clk 1:30:30]} 7. e4 {[%clk 1:30:30]} Bxf1 {[%clk 1:30:30]} 8.
Kxf1 {[%clk 1:30:30]} d6 {[%clk 1:30:30]} 9. g3 {[%clk 1:30:30]} Na6 {[%clk
1:30:30]} 10. Kg2 {[%clk 1:30:30]} Nb4 {[%clk 1:30:30]} 11. Nf3 {[%clk 1:30:30]}
Be7 {[%clk 1:30:30]} 12. Re1 {[%clk 1:30:30]} O-O {[%clk 1:30:30]} 13. Be3 {[%clk
1:30:30]} c4 {[%clk 1:30:30]} 14. dxe6 {[%clk 1:30:30]} fxe6 {[%clk 1:30:30]} 15.
Nd4 {[%clk 1:30:30]} Qc8 {[%clk 1:30:30]} 16. Qe2 {[%clk 1:30:30]} Nd3 {[%clk
1:30:30]} 17. Red1 {[%clk 1:30:30]} d5 {[%clk 1:30:30]} 18. Rxd3 {[%clk 1:30:30]}
cxd3 {[%clk 1:30:30]} 19. Qxd3 {[%clk 1:30:30]} dxe4 {[%clk 1:30:30]} 20. Qe2
{[%clk 1:30:30]} e5 {[%clk 1:30:30]} 21. Ndb5 {[%clk 1:30:30]} Qf5 {[%clk
1:30:30]} 22. Qc4+ {[%clk 1:30:30]} Kh8 {[%clk 1:30:30]} 23. h3 {[%clk 1:30:30]}
Rac8 {[%clk 1:30:30]} 24. Qe2 {[%clk 1:30:30]} Rcd8 {[%clk 1:30:30]} 25. a4
{[%clk 1:30:30]} Bb4 {[%clk 1:30:30]} 26. a5 {[%clk 1:30:30]} Bxc3 {[%clk
1:30:30]} 27. Nxc3 {[%clk 1:30:30]} Nd5 {[%clk 1:30:30]} 28. Nxd5 {[%clk
1:30:30]} Rxd5 {[%clk 1:30:30]} 29. a6 {[%clk 1:30:30]} Qf3+ {[%clk 1:30:30]} 30.
Qxf3 {[%clk 1:30:30]} exf3+ {[%clk 1:30:30]} 31. Kh2 {[%clk 1:30:30]} Rb5 {[%clk
1:30:30]} 32. b4 {[%clk 1:30:30]} Ra8 {[%clk 1:30:30]} 33. Bc5 {[%clk 1:30:30]}
Rbb8 {[%clk 1:30:30]} 34. a7 {[%clk 1:30:30]} Rb7 {[%clk 1:30:30]} 35. Re1 {[%clk
1:30:30]} Kg8 {[%clk 1:30:30]} 36. Rxe5 {[%clk 1:30:30]} Raxa7 {[%clk 1:30:30]}
37. Bxa7 {[%clk 1:30:30]} Rxa7 {[%clk 1:30:30]} 38. g4 {[%clk 1:30:30]} Ra3
{[%clk 1:30:30]} 39. Kg3 {[%clk 1:30:30]} Rb3 {[%clk 1:30:30]} 40. b5 {[%clk
1:30:30]} g6 {[%clk 1:30:30]} 41. h4 {[%clk 1:30:30]} Kf7 {[%clk 1:30:30]} 42.
Rc5 {[%clk 1:30:30]} h6 {[%clk 1:30:30]} 43. Rc7+ {[%clk 1:30:30]} Kf6 {[%clk
1:30:30]} 44. Rc6+ {[%clk 1:30:30]} Kf7 {[%clk 1:30:30]} 45. b6 {[%clk 1:30:30]}
Kg7 {[%clk 1:30:30]} 46. g5 {[%clk 1:30:30]} hxg5 {[%clk 1:30:30]} 47. hxg5
{[%clk 1:30:30]} Kf7 {[%clk 1:30:30]} 48. Rc7+ {[%clk 1:30:30]} Ke6 {[%clk
1:30:30]} 49. b7 {[%clk 1:30:30]} Kf5 {[%clk 1:30:30]} 50. Rc5+ {[%clk 1:30:30]}
Ke6 {[%clk 1:30:30]} 51. Rc3 {[%clk 1:30:30]} Rxb7 {[%clk 1:30:30]} 52. Rxf3
{[%clk 1:30:30]} Rf7 {[%clk 1:30:30]} 53. Rxf7 {[%clk 1:30:30]} Kxf7 {[%clk
1:30:30]} 54. Kf3 {[%clk 1:30:30]} Ke6 {[%clk 1:30:30]} 55. Ke4 {[%clk 1:30:30]}
Kd6 {[%clk 1:30:30]} 56. f3 {[%clk 1:30:30]} Ke6 {[%clk 1:30:30]} 57. f4 {[%clk
1:30:30]} Ke7 {[%clk 1:30:30]} 58. Ke5 {[%clk 1:30:30]} 1-0

[Event "8th Arber Open"]
[Site "chess24.com"]
[Date "2019.08.01"]
[Round "6"]
[White "Vanhee, Lars"]
[Black "Villani, Cristian"]
[Result "1-0"]
[Board "31"]
[WhiteElo "1895"]
[WhiteTeam "BELGIEN"]
[WhiteCountry "BEL"]
[WhiteFideId "245453"]
[WhiteEloChange "13"]
[BlackElo "2017"]
[BlackTeam "SK Durlach"]
[BlackCountry "GER"]
[BlackFideId "24635898"]
[BlackEloChange "-13"]

1. d4 {[%clk 1:30:30]} Nf6 {[%clk 1:30:30]} 2. c4 {[%clk 1:30:30]} e6 {[%clk
1:30:30]} 3. Nf3 {[%clk 1:30:30]} d5 {[%clk 1:30:30]} 4. g3 {[%clk 1:30:30]} dxc4
{[%clk 1:30:30]} 5. Bg2 {[%clk 1:30:30]} Nc6 {[%clk 1:30:30]} 6. Qa4 {[%clk
1:30:30]} Bb4+ {[%clk 1:30:30]} 7. Bd2 {[%clk 1:30:30]} Nd5 {[%clk 1:30:30]} 8.
Bxb4 {[%clk 1:30:30]} Nxb4 {[%clk 1:30:30]} 9. O-O {[%clk 1:30:30]} a6 {[%clk
1:30:30]} 10. Ne5 {[%clk 1:30:30]} Bd7 {[%clk 1:30:30]} 11. Nxc6 {[%clk 1:30:30]}
Nxc6 {[%clk 1:30:30]} 12. Qxc4 {[%clk 1:30:30]} O-O {[%clk 1:30:30]} 13. Nc3
{[%clk 1:30:30]} Na5 {[%clk 1:30:30]} 14. Qd3 {[%clk 1:30:30]} Bc6 {[%clk
1:30:30]} 15. e4 {[%clk 1:30:30]} b6 {[%clk 1:30:30]} 16. Rfd1 {[%clk 1:30:30]}
Qe7 {[%clk 1:30:30]} 17. Rac1 {[%clk 1:30:30]} Rfd8 {[%clk 1:30:30]} 18. Qe2
{[%clk 1:30:30]} Bb7 {[%clk 1:30:30]} 19. d5 {[%clk 1:30:30]} e5 {[%clk 1:30:30]}
20. Rc2 {[%clk 1:30:30]} c5 {[%clk 1:30:30]} 21. Na4 {[%clk 1:30:30]} Rd6 {[%clk
1:30:30]} 22. Rdc1 {[%clk 1:30:30]} Qd7 {[%clk 1:30:30]} 23. Nxc5 {[%clk
1:30:30]} bxc5 {[%clk 1:30:30]} 24. Rxc5 {[%clk 1:30:30]} Qa4 {[%clk 1:30:30]}
25. Qe1 {[%clk 1:30:30]} Qxa2 {[%clk 1:30:30]} 26. Rxa5 {[%clk 1:30:30]} Qb3
{[%clk 1:30:30]} 27. Qc3 {[%clk 1:30:30]} Qb6 {[%clk 1:30:30]} 28. Rc5 {[%clk
1:30:30]} f6 {[%clk 1:30:30]} 29. b4 {[%clk 1:30:30]} Rb8 {[%clk 1:30:30]} 30. h4
{[%clk 1:30:30]} Rdd8 {[%clk 1:30:30]} 31. Bh3 {[%clk 1:30:30]} Ba8 {[%clk
1:30:30]} 32. Rc4 {[%clk 1:30:30]} h6 {[%clk 1:30:30]} 33. Qa3 {[%clk 1:30:30]}
Kh8 {[%clk 1:30:30]} 34. Qa5 {[%clk 1:30:30]} Qd6 {[%clk 1:30:30]} 35. Qc5 {[%clk
1:30:30]} Qf8 {[%clk 1:30:30]} 36. Qxf8+ {[%clk 1:30:30]} Rxf8 {[%clk 1:30:30]}
37. Rc8 {[%clk 1:30:30]} Rd8 {[%clk 1:30:30]} 38. Rxb8 {[%clk 1:30:30]} Rxb8
{[%clk 1:30:30]} 39. Rc8+ {[%clk 1:30:30]} Rxc8 {[%clk 1:30:30]} 40. Bxc8 {[%clk
1:30:30]} f5 {[%clk 1:30:30]} 41. d6 {[%clk 1:30:30]} 1-0

[Event "8th Arber Open"]
[Site "chess24.com"]
[Date "2019.08.01"]
[Round "6"]
[White "Uneken, Bert"]
[Black "Schleich, Theodor, Dr."]
[Result "0-1"]
[Board "32"]
[WhiteElo "1860"]
[WhiteTeam "HOLLAND"]
[WhiteCountry "NED"]
[WhiteFideId "1031260"]
[WhiteEloChange "-6"]
[BlackElo "2000"]
[BlackTeam "Muenchener SC"]
[BlackCountry "GER"]
[BlackFideId "24615218"]
[BlackEloChange "6"]

1. d4 {[%clk 1:30:30]} e6 {[%clk 1:30:30]} 2. e4 {[%clk 1:30:30]} d5 {[%clk
1:30:30]} 3. Nc3 {[%clk 1:30:30]} dxe4 {[%clk 1:30:30]} 4. Nxe4 {[%clk 1:30:30]}
Nd7 {[%clk 1:30:30]} 5. Nf3 {[%clk 1:30:30]} Ngf6 {[%clk 1:30:30]} 6. Bd3 {[%clk
1:30:30]} Nxe4 {[%clk 1:30:30]} 7. Bxe4 {[%clk 1:30:30]} Nf6 {[%clk 1:30:30]} 8.
Bd3 {[%clk 1:30:30]} c5 {[%clk 1:30:30]} 9. O-O {[%clk 1:30:30]} cxd4 {[%clk
1:30:30]} 10. Nxd4 {[%clk 1:30:30]} Bc5 {[%clk 1:30:30]} 11. Be3 {[%clk 1:30:30]}
Nd5 {[%clk 1:30:30]} 12. Qg4 {[%clk 1:30:30]} Nxe3 {[%clk 1:30:30]} 13. fxe3
{[%clk 1:30:30]} g6 {[%clk 1:30:30]} 14. Qf4 {[%clk 1:30:30]} O-O {[%clk
1:30:30]} 15. Rad1 {[%clk 1:30:30]} Qe7 {[%clk 1:30:30]} 16. Qh6 {[%clk 1:30:30]}
e5 {[%clk 1:30:30]} 17. Nf3 {[%clk 1:30:30]} e4 {[%clk 1:30:30]} 18. Ng5 {[%clk
1:30:30]} Bxe3+ {[%clk 1:30:30]} 0-1

[Event "8th Arber Open"]
[Site "chess24.com"]
[Date "2019.08.01"]
[Round "6"]
[White "Kasueschke, Lars"]
[Black "Bergmann, Reiner"]
[Result "1/2-1/2"]
[Board "33"]
[WhiteElo "1934"]
[WhiteTeam "SG Schwaebisch Gmuend"]
[WhiteCountry "GER"]
[WhiteFideId "12939510"]
[WhiteEloChange "-3"]
[BlackElo "1823"]
[BlackTeam "SC Bayerwald"]
[BlackCountry "GER"]
[BlackFideId "12958514"]
[BlackEloChange "3"]

1. c4 {[%clk 1:30:30]} Nf6 {[%clk 1:30:30]} 2. g3 {[%clk 1:30:30]} g6 {[%clk
1:30:30]} 3. Bg2 {[%clk 1:30:30]} Bg7 {[%clk 1:30:30]} 4. Nc3 {[%clk 1:30:30]}
O-O {[%clk 1:30:30]} 5. Nf3 {[%clk 1:30:30]} Nc6 {[%clk 1:30:30]} 6. O-O {[%clk
1:30:30]} d6 {[%clk 1:30:30]} 7. Rb1 {[%clk 1:30:30]} e5 {[%clk 1:30:30]} 8. d3
{[%clk 1:30:30]} Ne7 {[%clk 1:30:30]} 9. b4 {[%clk 1:30:30]} Nd7 {[%clk 1:30:30]}
10. Qb3 {[%clk 1:30:30]} h6 {[%clk 1:30:30]} 11. Be3 {[%clk 1:30:30]} c6 {[%clk
1:30:30]} 12. b5 {[%clk 1:30:30]} f5 {[%clk 1:30:30]} 13. bxc6 {[%clk 1:30:30]}
bxc6 {[%clk 1:30:30]} 14. Ne1 {[%clk 1:30:30]} Kh7 {[%clk 1:30:30]} 15. Nc2
{[%clk 1:30:30]} f4 {[%clk 1:30:30]} 16. Bd2 {[%clk 1:30:30]} Rb8 {[%clk
1:30:30]} 17. Qa4 {[%clk 1:30:30]} Rxb1 {[%clk 1:30:30]} 18. Rxb1 {[%clk
1:30:30]} Qc7 {[%clk 1:30:30]} 19. Nb4 {[%clk 1:30:30]} Nc5 {[%clk 1:30:30]} 20.
Qa3 {[%clk 1:30:30]} Ne6 {[%clk 1:30:30]} 21. Rc1 {[%clk 1:30:30]} c5 {[%clk
1:30:30]} 22. Nbd5 {[%clk 1:30:30]} Nxd5 {[%clk 1:30:30]} 23. Bxd5 {[%clk
1:30:30]} Nd4 {[%clk 1:30:30]} 24. Nb5 {[%clk 1:30:30]} Nxb5 {[%clk 1:30:30]} 25.
cxb5 {[%clk 1:30:30]} Qe7 {[%clk 1:30:30]} 26. Rc4 {[%clk 1:30:30]} h5 {[%clk
1:30:30]} 27. Ra4 {[%clk 1:30:30]} h4 {[%clk 1:30:30]} 28. Rxa7 {[%clk 1:30:30]}
fxg3 {[%clk 1:30:30]} 29. fxg3 {[%clk 1:30:30]} Qf6 {[%clk 1:30:30]} 30. Bf3
{[%clk 1:30:30]} Bg4 {[%clk 1:30:30]} 31. Qc1 {[%clk 1:30:30]} Bxf3 {[%clk
1:30:30]} 32. exf3 {[%clk 1:30:30]} Qxf3 {[%clk 1:30:30]} 33. Rxg7+ {[%clk
1:30:30]} Kh8 {[%clk 1:30:30]} 34. Rxg6 {[%clk 1:30:30]} Qf2+ {[%clk 1:30:30]}
1/2-1/2

[Event "8th Arber Open"]
[Site "chess24.com"]
[Date "2019.08.01"]
[Round "6"]
[White "Fruehe, Norbert"]
[Black "McPherson, Elisha"]
[Result "1/2-1/2"]
[Board "34"]
[WhiteElo "1936"]
[WhiteTeam "SF Hoerden"]
[WhiteCountry "GER"]
[WhiteFideId "16209818"]
[WhiteEloChange "-6"]
[BlackElo "1705"]
[BlackTeam "SF Augsburg"]
[BlackCountry "GER"]
[BlackFideId "16255852"]
[BlackEloChange "6"]

1. e4 {[%clk 1:30:30]} c5 {[%clk 1:30:30]} 2. d4 {[%clk 1:30:30]} cxd4 {[%clk
1:30:30]} 3. c3 {[%clk 1:30:30]} dxc3 {[%clk 1:30:30]} 4. Nxc3 {[%clk 1:30:30]}
a6 {[%clk 1:30:30]} 5. Bc4 {[%clk 1:30:30]} e6 {[%clk 1:30:30]} 6. Nf3 {[%clk
1:30:30]} b5 {[%clk 1:30:30]} 7. Bb3 {[%clk 1:30:30]} Bb7 {[%clk 1:30:30]} 8. Qe2
{[%clk 1:30:30]} Ne7 {[%clk 1:30:30]} 9. O-O {[%clk 1:30:30]} Ng6 {[%clk
1:30:30]} 10. Rd1 {[%clk 1:30:30]} Be7 {[%clk 1:30:30]} 11. Be3 {[%clk 1:30:30]}
O-O {[%clk 1:30:30]} 12. Nd4 {[%clk 1:30:30]} Qe8 {[%clk 1:30:30]} 13. Rac1
{[%clk 1:30:30]} Nc6 {[%clk 1:30:30]} 14. Qh5 {[%clk 1:30:30]} Na5 {[%clk
1:30:30]} 15. Rd3 {[%clk 1:30:30]} Nxb3 {[%clk 1:30:30]} 16. Nxb3 {[%clk
1:30:30]} b4 {[%clk 1:30:30]} 17. Na4 {[%clk 1:30:30]} Bxe4 {[%clk 1:30:30]} 18.
Rd4 {[%clk 1:30:30]} Bc6 {[%clk 1:30:30]} 19. Nb6 {[%clk 1:30:30]} Rb8 {[%clk
1:30:30]} 20. Rdc4 {[%clk 1:30:30]} Bb5 {[%clk 1:30:30]} 21. Rc8 {[%clk 1:30:30]}
Rxc8 {[%clk 1:30:30]} 22. Rxc8 {[%clk 1:30:30]} Qxc8 {[%clk 1:30:30]} 23. Nxc8
{[%clk 1:30:30]} Rxc8 {[%clk 1:30:30]} 24. Nd4 {[%clk 1:30:30]} Rc5 {[%clk
1:30:30]} 25. Qd1 {[%clk 1:30:30]} Rd5 {[%clk 1:30:30]} 26. Qe1 {[%clk 1:30:30]}
Bc5 {[%clk 1:30:30]} 27. Nxb5 {[%clk 1:30:30]} Bxe3 {[%clk 1:30:30]} 28. fxe3
{[%clk 1:30:30]} Rxb5 {[%clk 1:30:30]} 29. Qc1 {[%clk 1:30:30]} a5 {[%clk
1:30:30]} 30. Qc8+ {[%clk 1:30:30]} Nf8 {[%clk 1:30:30]} 31. Kf2 {[%clk 1:30:30]}
Rh5 {[%clk 1:30:30]} 32. Qa8 {[%clk 1:30:30]} h6 {[%clk 1:30:30]} 33. e4 {[%clk
1:30:30]} Re5 {[%clk 1:30:30]} 34. Kf3 {[%clk 1:30:30]} f6 {[%clk 1:30:30]} 35.
Kf4 {[%clk 1:30:30]} Kf7 {[%clk 1:30:30]} 36. Qd8 {[%clk 1:30:30]} 1/2-1/2

[Event "8th Arber Open"]
[Site "chess24.com"]
[Date "2019.08.01"]
[Round "6"]
[White "Nahlik, Bernhard, Dr."]
[Black "Pfeifer, Wilfried"]
[Result "0-1"]
[Board "35"]
[WhiteElo "1744"]
[WhiteTeam "SC Ansbach"]
[WhiteCountry "GER"]
[WhiteFideId "12904600"]
[WhiteEloChange "-5"]
[BlackElo "1916"]
[BlackTeam "TSF Ditzingen"]
[BlackCountry "GER"]
[BlackFideId "4643631"]
[BlackEloChange "5"]

1. d4 {[%clk 1:30:30]} f5 {[%clk 1:30:30]} 2. Nf3 {[%clk 1:30:30]} d6 {[%clk
1:30:30]} 3. g3 {[%clk 1:30:30]} Nf6 {[%clk 1:30:30]} 4. Bg2 {[%clk 1:30:30]} g6
{[%clk 1:30:30]} 5. c4 {[%clk 1:30:30]} Bg7 {[%clk 1:30:30]} 6. Nc3 {[%clk
1:30:30]} O-O {[%clk 1:30:30]} 7. Qb3 {[%clk 1:30:30]} c6 {[%clk 1:30:30]} 8. Bd2
{[%clk 1:30:30]} Na6 {[%clk 1:30:30]} 9. O-O {[%clk 1:30:30]} Ne4 {[%clk
1:30:30]} 10. Be3 {[%clk 1:30:30]} Nxc3 {[%clk 1:30:30]} 11. bxc3 {[%clk
1:30:30]} c5 {[%clk 1:30:30]} 12. Rab1 {[%clk 1:30:30]} Qc7 {[%clk 1:30:30]} 13.
Ng5 {[%clk 1:30:30]} e6 {[%clk 1:30:30]} 14. Bxb7 {[%clk 1:30:30]} Rb8 {[%clk
1:30:30]} 15. Bxc8 {[%clk 1:30:30]} Rxb3 {[%clk 1:30:30]} 16. Bxe6+ {[%clk
1:30:30]} Kh8 {[%clk 1:30:30]} 17. axb3 {[%clk 1:30:30]} cxd4 {[%clk 1:30:30]}
18. cxd4 {[%clk 1:30:30]} h6 {[%clk 1:30:30]} 19. Nf3 {[%clk 1:30:30]} Nb4 {[%clk
1:30:30]} 20. Bd2 {[%clk 1:30:30]} Re8 {[%clk 1:30:30]} 21. d5 {[%clk 1:30:30]}
a5 {[%clk 1:30:30]} 22. Rfc1 {[%clk 1:30:30]} Kh7 {[%clk 1:30:30]} 23. h3 {[%clk
1:30:30]} Rb8 {[%clk 1:30:30]} 24. g4 {[%clk 1:30:30]} fxg4 {[%clk 1:30:30]} 25.
hxg4 {[%clk 1:30:30]} Na6 {[%clk 1:30:30]} 26. Be3 {[%clk 1:30:30]} Nc5 {[%clk
1:30:30]} 27. Bxc5 {[%clk 1:30:30]} Qxc5 {[%clk 1:30:30]} 28. Kg2 {[%clk
1:30:30]} Rb4 {[%clk 1:30:30]} 29. Rh1 {[%clk 1:30:30]} Bc3 {[%clk 1:30:30]} 30.
Ng5+ {[%clk 1:30:30]} Kg7 {[%clk 1:30:30]} 31. Ne4 {[%clk 1:30:30]} Qd4 {[%clk
1:30:30]} 32. Nxc3 {[%clk 1:30:30]} Qxc3 {[%clk 1:30:30]} 33. Rh3 {[%clk
1:30:30]} Qc2 {[%clk 1:30:30]} 34. Rbh1 {[%clk 1:30:30]} Rxb3 {[%clk 1:30:30]}
35. Rxb3 {[%clk 1:30:30]} Qxb3 {[%clk 1:30:30]} 36. Ra1 {[%clk 1:30:30]} a4
{[%clk 1:30:30]} 37. e4 {[%clk 1:30:30]} a3 {[%clk 1:30:30]} 38. e5 {[%clk
1:30:30]} Qb2 {[%clk 1:30:30]} 39. Re1 {[%clk 1:30:30]} Qb4 {[%clk 1:30:30]} 40.
Re3 {[%clk 1:30:30]} dxe5 {[%clk 1:30:30]} 41. Rf3 {[%clk 1:30:30]} a2 {[%clk
1:30:30]} 42. Rf7+ {[%clk 1:30:30]} Kh8 {[%clk 1:30:30]} 43. Ra7 {[%clk 1:30:30]}
Qxc4 {[%clk 1:30:30]} 44. Ra8+ {[%clk 1:30:30]} Kg7 {[%clk 1:30:30]} 45. Bg8
{[%clk 1:30:30]} a1Q {[%clk 1:30:30]} 46. Rxa1 {[%clk 1:30:30]} Qxg4+ {[%clk
1:30:30]} 47. Kf1 {[%clk 1:30:30]} Kxg8 {[%clk 1:30:30]} 48. d6 {[%clk 1:30:30]}
Qd4 {[%clk 1:30:30]} 49. Re1 {[%clk 1:30:30]} Qxd6 {[%clk 1:30:30]} 50. Re3
{[%clk 1:30:30]} Qd4 {[%clk 1:30:30]} 51. Rg3 {[%clk 1:30:30]} Kg7 {[%clk
1:30:30]} 52. Kg2 {[%clk 1:30:30]} e4 {[%clk 1:30:30]} 53. Rh3 {[%clk 1:30:30]}
g5 {[%clk 1:30:30]} 54. Ra3 {[%clk 1:30:30]} h5 {[%clk 1:30:30]} 55. Rb3 {[%clk
1:30:30]} Kg6 {[%clk 1:30:30]} 56. Ra3 {[%clk 1:30:30]} Kf5 {[%clk 1:30:30]} 57.
Ra5+ {[%clk 1:30:30]} Kf4 {[%clk 1:30:30]} 58. Ra8 {[%clk 1:30:30]} h4 {[%clk
1:30:30]} 59. Ra3 {[%clk 1:30:30]} Qd3 {[%clk 1:30:30]} 60. Ra8 {[%clk 1:30:30]}
Kg4 {[%clk 1:30:30]} 61. Rf8 {[%clk 1:30:30]} Qf3+ {[%clk 1:30:30]} 62. Rxf3
{[%clk 1:30:30]} exf3+ {[%clk 1:30:30]} 63. Kh2 {[%clk 1:30:30]} Kh5 {[%clk
1:30:30]} 64. Kg1 {[%clk 1:30:30]} g4 {[%clk 1:30:30]} 65. Kh2 {[%clk 1:30:30]}
Kg5 {[%clk 1:30:30]} 66. Kg1 {[%clk 1:30:30]} g3 {[%clk 1:30:30]} 67. Kh1 {[%clk
1:30:30]} gxf2 {[%clk 1:30:30]} 68. Kh2 {[%clk 1:30:30]} f1R {[%clk 1:30:30]} 0-1